[Event "Caissa intern 2017-2018"]
[Site "?"]
[Date "2017.09.19"]
[Round "2"]
[White "Witt, Rob"]
[Black "Van der Weide, Piet"]
[Result "1-0"]
[WhiteElo "2117"]
[BlackElo "2107"]
[Annotator "Witt"]
[PlyCount "91"]
[EventDate "2017.??.??"]

1. d4 e6 ({De laatste keren speelde Piet} 1... d6 {om na} 2. Nf3 f5 {over te
gaan naar de Hollandse Leningrader. Kennelijk wil hij nu Klassiek Hollands of
de Stonewall spelen.}) 2. e4 {Ik wil het Frans wel eens van de andere kant
bekijken.} d5 3. Nc3 dxe4 {Dit heb ik zelf nooit met zwart gespeeld of serieus
bekeken.} 4. Nxe4 Nd7 {Wit kan nu allerlei verschillende opstellingen innemen,
maar ik weet er weinig van.} 5. Nf3 Ngf6 6. Bd3 {Ik herinnerde me vaag dat
Karjakin zo een paar keer gespeeld heeft tegen de grote specialist van de
Rubinsteinvariant Georg Meier.} c5 7. O-O cxd4 {Maar hierna wist ik het niet
meer.} ({Meier speelde altijd} 7... Nxe4 8. Bxe4 Nf6 9. Bd3 cxd4 10. Nxd4 Bc5)
8. Nxd4 {Na 10 minuten.} a6 {Kennelijk bedoeld om Pc5 in de stelling te
brengen.} ({Het kostte me een tijdje om te zien dat meteen} 8... Nc5 {minder
goed is wegens} 9. Nxf6+ Qxf6 ({Beter} 9... gxf6 {maar dat zal ook goed voor
wit zijn na} 10. Bb5+ Bd7 11. Qf3) 10. Nb5 $16) 9. Nxf6+ Qxf6 $6 {Dubieus.} (
9... Nxf6 {lijkt me normaal.}) 10. Nf3 h6 11. c3 Bd6 12. Bc2 Bc7 13. Be3 {
Ik heb inmiddels een half uur verbruikt, maar was tevreden met de stelling.
Zwart heeft moeite om zijn ontwikkeling te voltooien.} Ne5 14. Nxe5 {De beste
zet.} ({Ik keek ook naar} 14. Nd2 {maar vond} Qh4 {een beetje lastig. Dat valt
overigens mee als ik} 15. Bd4 $1 {had gezien. Bijv.} O-O 16. Bxe5 Bxe5 17. Nf3
Qh5 18. Nxe5 Qxe5 19. Re1 $14) 14... Qxe5 15. g3 Bd7 {Na 10 minuten en dat is
lang voor Piet. Kennelijk wil hij lang rokeren en is niet bang voor varianten
waarmee ik de g-pion win.} 16. Bd4 {Ik heb niet serieus gekeken naar
alternatieven.} ({Volgens Stockfish is} 16. Re1 {nog sterker, terwijl ik dacht
dat het tijdverlies was.}) 16... Qg5 17. Be4 $1 {Hier ging ik naar buiten voor
een rookpauze. Voor mijn gevoel stond ik vrijwel op winst. Toen ik weer
terugkwam zag ik tot mijn genoegen} O-O-O $2 {Dat staat gelijk aan zelfmoord.
Waarschijnlijk heeft Piet mijn volgende zet gemist en wel gezien dat de
alternatieven niet aantrekkelijk waren.} (17... O-O 18. Bxg7 {wint gewoon een
pion.}) 18. Qf3 $18 ({eerst} 18. h4 {schijnt nog sterker te zijn.}) 18... Kb8 {
Na 5 minuten voerde Piet met een diepe zucht deze zet uit.} ({Zinloos was} 
18... Qb5 {wegens} 19. a4 Qb3 20. Ra3 Qxb2 21. c4 Qb4 22. Rb3) 19. Bxb7 {
vanaf nu deed Piet vrijwel al zijn zetten bijna a tempo. Ik liet me daarin
regelmatig meeslepen wat niet erg verstandig was.} Qb5 20. Be4 {A tempo
gespeeld.} ({Als ik even had nagedacht zou ik gezien hebben dat} 20. Ba8 $1 {
veel sterker was.}) 20... e5 ({Op} 20... f5 {had ik hopelijk wel} 21. Ba8 a5 (
21... e5 22. c4) 22. a4 Qa6 23. Ra3 {gevonden.}) 21. a4 ({Mijn zetten
verpesten niks maar opnieuw had ik sterker kunnen spelen. Ik heb niet eens
nagedacht over} 21. c4 $1) 21... Qc4 22. b3 (22. Be3) 22... Qe6 23. Bc5 f5 24.
Bd5 Qg6 ({Objectief beter maar kansloos was} 24... e4 25. Bxe6 exf3 26. Bc4)
25. c4 {Hier had ik nog wel 4 minuten over nagedacht.} ({De voorkeur van
Stockfish} 25. b4 $1 {leek me ook aantrekkelijk. Maar ik had geen concrete
varianten uitgerekend. Het bekende gevoel 'alles zal wel winnen' verstoorde
mijn analytische vaardigheden.}) 25... h5 {A tempo. wit nog 28 minuten, zwart
50 minuten. mijn twee volgende zetten deed ik ook a tempo.} 26. Qc3 $2 (26. b4
$1 Bc6 27. b5 $18) 26... a5 $2 {Daar had Piet nog wel 3 minuten over nagedacht.
} (26... Bc6 {is nog niet zo duidelijk.}) 27. b4 {Nu is het weer totaal uit.}
Bc6 28. bxa5 h4 29. Bb6 $1 hxg3 {Na 4 minuten. Er is niet beter.} 30. Bxc7+
Kxc7 31. Qxe5+ $2 {Weer vrijwel a tempo gespeeld.} ({Na gewoon} 31. fxg3 $1 {
is zwart weerloos. Bijv.} Qd6 32. Qe3 $18) 31... Qd6 32. Qxg7+ {Na 2 minuten.
Ik besefte hier wel dat het een beetje uit de hand gelopen was, maar ik dacht
dat dit wel kon.} ({Ik dacht dat de winst na} 32. Qxd6+ Rxd6 33. fxg3 Bxd5 34.
cxd5 Rxd5 35. Rac1+ {misschien problematisch was.}) 32... Kc8 33. Qxg3 f4 {
Na 2 minuten de beste zet.} (33... Bxd5 34. Qxd6 Rxd6 (34... Rhg8+ $2 35. Qg3
$18) 35. cxd5 Rg6+ 36. Kh1 Rgh6 37. Kg2 Rxh2+ 38. Kf3 {zal wel gewonnen zijn.})
34. Qg4+ Bd7 35. Qg7 $2 {A tempo geef ik hiermee de winst weg zoals ik zag
terwijl Piet 2 minuten nadacht.} ({Noodzakelijk was} 35. Qg5 {met nog steeds
goede winstkansen.}) 35... Rh4 $2 {Gelukkig.} ({Piet mist} 35... Rh6 $1 {
of beoordeelt het verkeerd na} 36. Bf7 f3 37. Qg3 Rf8 (37... Rdh8 {is ook
genoeg voor gelijkspel.}) 38. Qxd6 Rxd6 39. Bd5 Bh3 {en zwart maakt remise.})
36. f3 $18 {Die moet Piet gemist hebben. nu is het weer uit.} Qc5+ 37. Kh1 Rdh8
38. Ra2 Qxa5 39. Rb2 Qxa4 {Zij die sterven gaan mogen alles eten.} 40. Qe5 (40.
Bb7+ {was mat in enkele zetten.}) 40... Qa7 41. Bb7+ {Een luie zet.} ({Ik keek
ook naar} 41. Rfb1 $1 {maar ik was te lui om te rekenen aan} Rxh2+ 42. Rxh2
Rxh2+ 43. Kxh2 Qf2+ 44. Kh1 Qh4+ 45. Kg1 Qg3+ 46. Kf1 Bh3+ 47. Ke2 Qg2+ 48. Kd3
{enz.}) 41... Qxb7 42. Rxb7 Rxh2+ 43. Kg1 Rh1+ 44. Kf2 R1h2+ 45. Ke1 Re8 ({Na} 
45... Kxb7 46. Qxf4 {mag de winst geen probleem zijn.}) 46. Rb8# {Oh ja, zei
Piet en feliciteerde me.} 1-0

[Event "Jean Jaures - TBCC 61/2-11/2"]
[Site "?"]
[Date "2017.09.24"]
[Round "1"]
[White "Vanobbergh, Gregory"]
[Black "Witt, Rob"]
[Result "1/2-1/2"]
[WhiteElo "2052"]
[BlackElo "2117"]
[Annotator "Witt"]
[PlyCount "55"]
[EventDate "2017.??.??"]

{Op een prachtige nazomerdag vertrokken Arno, Jasel, Alje en ik weer naar Gent
voor de eerste ronde van de Belgische competitie tegen het op papier zeer
sterke TBCC. TBCC staat voor The Belgian Chess Club, het vroegere Anderlecht,
Ze waren afgelopen seizoen gedegradeerd uit de hoogste klasse en zijn nu een
grote favoriet in deze klasse. Tot onze verbazing waren ze echter heel zwak
opgekomen en we wonnen de wedstrijd met 6½-1½. Zelf trof ik aan bord 8 een
invaller waar ik niets van wist.} 1. d4 Nf6 2. Nc3 d5 3. Bg5 {Ik wist dat Pbd7
een goed antwoord is, maar besloot toch maar over te gaan naar het Frans.} e6
4. e4 dxe4 ({Ik overwoog even de MacCutcheon} 4... Bb4 {maar een van zijn
teamgenoten speelt de zijvariant} 5. exd5 Qxd5 6. Bxf6 Bxc3+ 7. bxc3 gxf6 {
en daar had ik geen zin in omdat ik de stelling niet goed begrijp.}) ({In SPA
speelde ik} 4... Be7 {waar ik goed uitkwam maar uiteindelijk verloor.}) 5. Nxe4
Be7 6. Bxf6 gxf6 {Deze variant heb ik een jaar of 15 geleden voor het laatst
op het bord gehad tegen Arne Moll.} 7. Nf3 f5 8. Nc3 a6 {Jasel zei na afloop
dat ik twee varianten verwarde. Volgens hem moet je geen f5 spelen als je de
opbouw met a6 en b5 wilt spelen. Dit blijkt echter niet juist.} 9. d5 {Gregory
voerde deze zet na een paar minuten met veel zelfvertrouwen uit. In mijn
herinnering was dit ongevaarlijk. En ik zie nu in de database dat deze zet in
bijna 400 partijen slechts 6x gespeeld is.} ({De meeste partijen gaan verder
met} 9. g3 b5 10. Bg2 Bb7 11. O-O c5) ({of} 9. Qd2 {bijv.} b5 10. O-O-O b4 11.
Ne2 Bb7 {Naiditsch,A (2682)-Harikrishna,P (2737) Douglas 2015 (56.0-1)}) ({of} 
9. Qe2 {bijv.} b5 10. O-O-O b4 11. Na4 Qd5 {Aronian,L (2784)-Vidit,S (2651)
Berlin 2015 (61.½-½)}) 9... b5 {Zonder al teveel nadenken gespeeld. Ik heb
een variant gekozen die ik kennelijk ook niet begrijp.} ({In alle zes partijen
speelde zwart} 9... Bf6 {bijv.} 10. dxe6 Qxd1+ 11. Rxd1 fxe6 12. g3 Nc6 13. Bg2
Bd7 {en zwart kan tevreden zijn.}) 10. dxe6 Qxd1+ 11. Rxd1 fxe6 12. g3 Bb7 $6 {
Ook hier had ik nauwelijks over nagedacht.} ({Het blijkt belangrijk om het
paard naar c6 te ontwikkelen. Bijv.} 12... Nc6 13. Bg2 Rb8 14. O-O Bf6 15. Rfe1
Kf7 {en ik heb liever zwart.}) 13. Bg2 Bf6 $2 ({Hier heb ik niet gekeken naar} 
13... Nc6 {vanwege de penning. Wit kan daar echter niet van profiteren.} 14.
O-O {Waarschijnlijk het beste.} (14. Ne5 Nxe5 15. Bxb7 Ra7 16. Bg2 c5 $13) (14.
Nd4 Nxd4 15. Bxb7 Ra7 16. Rxd4 Rxb7 $13) 14... Rd8 {met ongeveer gelijke
kansen.}) 14. O-O {Hier begon ik lang na te denken. Ik snapte niet waarom ik
plotseling slecht stond en hoe langer ik dacht hoe slechter ik mijn stelling
vond. Wit dreigt met simpel Tfe1 en Pe5 of Pd4 groot voordeel te krijgen. Na
een half uur besloot ik maar te kiezen voor} Ra7 (14... c5 15. Rfe1 Kf7 16. Rd6
Re8 17. Ng5+ Bxg5 18. Bxb7 Ra7 19. Bf3 {lijkt hopeloos.}) (14... Nd7 15. Rfe1 (
15. Nd4 Bxg2 16. Kxg2 {leek me ook geen pretje. Maar misschien valt het nog
mee na} Bxd4 17. Rxd4 Nf6) 15... Nc5 (15... Ke7 16. Ng5 (16. Nd5+ {is ook
vervelend.}) 16... Bxg5 17. Bxb7 $16) 16. Ne5 Bxg2 17. Kxg2 b4 18. Nb1 {
ziet er positioneel niet uit voor zwart.}) ({In mijn wanhoop keek ik zelfs
even naar het onzinnige} 14... Bxc3 15. bxc3 Bd5 {maar dat is natuurlijk
hopeloos na} 16. Rfe1 c6 17. Nd4) 15. Rfe1 Kf7 16. h4 {Na 10 minuten deze
onverwachte zet.} ({Ik maakte me grote zorgen als wit het te verwachten Pe5+
zou laten voorafgaan door} 16. a4 b4 17. Na2 c5 ({of} 17... a5 18. Ne5+ Bxe5
19. Rxe5 Bxg2 20. Kxg2 {en vervolgens het paard omspelen naar b3.}) 18. Ne5+
Bxe5 19. Rxe5 Bxg2 20. Kxg2 Rc7 21. Rd6 Re8 22. Nc1 {en zwart kan alleen maar
afwachten hoe wit de vele zwaktes gaat aanvallen.}) 16... Re8 {Na 8 minuten.} (
{Ik koos niet voor} 16... h6 {omdat dan bovengenoemde varianten weer aan bod
komen. Toch had ik dat maar moeten doen.}) 17. Ne5+ $2 {Na 8 minuten.} ({
Gregory zei na afloop dat hij had moeten kiezen voor} 17. Ng5+ {En dat is
inderdaad sterker dan ik dacht.} Bxg5 18. hxg5 {Slecht is nu} Bxg2 (18... Re7
19. a4 $16) 19. Kxg2 c6 {omdat zwart nu ook een zwakte heeft op h7.} 20. f4 Rd7
21. Rh1 Kg7 22. Rxd7+ Nxd7 23. Rd1 {met groot voordeel.}) 17... Bxe5 18. Rxe5
Bxg2 19. Kxg2 c6 {Nu is het ergste achter de rug.} 20. g4 $1 {Na 10 minuten
geeft hij me toch weer iets om over na te denken.} Nd7 $6 {te snel gespeeld.} (
{Niet goed was} 20... fxg4 21. Rh5 $16) ({Maar nauwkeuriger was} 20... Rg8 21.
g5 Rd7 $13) 21. Re3 Rg8 (21... Nb6 {vertrouwde ik niet wegens} 22. gxf5 exf5
23. Rxe8 Kxe8 24. Kf3 {maar dat lijkt mee te vallen na} Rg7 {Bijv.} 25. Rd6 Rg6
26. Rxg6 hxg6 27. Kf4 Kf7 28. Kg5 Nc4) (21... fxg4 {leek me slecht wegens} 22.
Ne4) 22. g5 $14 Rc7 $6 {In de veronderstelling dat wit met Td6 twee pionnen
dreigt aan te vallen.} ({Maar} 22... Nb6 $1 {verhindert ook Td6 en na} 23. b3
$14 {kan zwart alsnog} Rd7 {spelen.}) 23. Rd6 Re8 24. Ne2 Nb6 25. b3 Nc8 26.
Rd1 Nb6 {Zwart heeft niet beter.} 27. Rd6 {Gregory is kennelijk tevreden met
remise.} ({een sterkere speler had ongetwijfeld doorgespeeld met bijv.} 27.
Red3 Nd5 28. c4 bxc4 29. bxc4 Nb6 30. Rc1 {en zwart kan alleen maar afwachten.}
) 27... Nc8 28. Rd1 {met remiseaanbod dat ik na enkele minuten accepteerde.}
1/2-1/2

[Event "Caissa Intern 2017-2018"]
[Site "?"]
[Date "2017.09.26"]
[Round "3"]
[White "Vroombout, Enrico"]
[Black "Witt, Rob"]
[Result "1/2-1/2"]
[WhiteElo "2123"]
[BlackElo "2117"]
[Annotator "Witt"]
[PlyCount "47"]
[EventDate "2017.??.??"]

1. d4 d5 2. c4 c6 3. Nf3 Nf6 4. Nc3 dxc4 5. e4 {Het Geller-gambiet. Ik heb het
heel lang geleden wel eens voor wit bekeken maar nooit op het bord gehad.} b5
6. e5 Nd5 7. a4 Nxc3 $2 {Vrijwel a tempo deze slechte zet terwijl ik al pakweg
40 jaar weet dat je dit pas moet doen als wit op b5 slaat. Ook de volgende 5
schablone zetten speelde ik uit balorigheid vrijwel zonder nadenken. Misschien
had ik toch beter thuis kunnen blijven voor Napels-Feijenoord.} (7... e6) 8.
bxc3 e6 9. g3 {niet het beste antwoord.} ({De meeste partijen gaan verder met} 
9. Ng5 {en wit scoort ruim 73%.}) 9... Bb7 ({Stockfish suggereert} 9... a5 $5
10. Bg2 $6 b4 {maar daar heb ik natuurlijk niet naar gekeken.}) 10. Bg2 Be7 (
10... b4 $5) 11. O-O Nd7 12. Nd2 Qc7 $6 (12... a6) 13. Qg4 {Enrico had dit
allemaal vlot gespeeld. Ik begon nu voor het eerst na te denken en wel 24
minuten om te kijken of ik nog iets speelbaars kon vinden.} g6 ({Stockfish
doet ijskoud} 13... O-O 14. Ne4 Kh8 {Ik had deze stelling ook gezien, maar ik
kon me niet voorstellen dat ik dit zou overleven.}) 14. Ne4 Nb6 {Hierna dacht
Enrico bijna 20 minuten na.} 15. axb5 {Die kwam voor mij als een verrassing.
Ik verwachtte eerder een loperzet naar a3 of g5 of h6.} ({of misschien} 15.
Nd6+ Bxd6 16. exd6 Qd7 17. Bg5) 15... cxb5 16. Bg5 Bxe4 {Na 11 minuten besloot
ik dat vervelende paard te elimineren.} ({Het is voor mij onbegrijpelijk dat
Stockfish 0.00 geeft na} 16... h5 17. Qf4 Kf8 {zelfs op 'diepte 34'.}) 17. Bxe4
Rb8 ({Ik was bang dat ik na} 17... Nd5 {onder de voet zou worden gelopen met}
18. Bxd5 exd5 19. f4) 18. Bxe7 {Na 12 minuten.} Kxe7 (18... Qxe7 {heb ik
natuurlijk verworpen omdat ik mijn pluspion verlies met} 19. Bc6+ Kf8 {Maar in
de partij sta ik nog slechter.}) 19. Qg5+ Kf8 20. Ra6 {Na weer 12 minuten deze
op zich mooie zet. Op de vorige zet was dit nog sterker geweest.} Na4 {Na
bijna 20 minuten een poging om enige verwarring te zaaien. Mijn enige kans is
dat Enrico moet kiezen uit veel goede zetten zodat hij misschien in tijdnood
komt.} 21. Qf6 {Ook deze kostte 12 minuten.} ({het sterkste leek me} 21. d5
Nxc3 22. d6 {en de engine geeft me gelijk.}) 21... Rg8 {Deze snel gespeelde
zet verraste Enrico waardoor hij weer 12 minuten uittrok voor zijn volgende
zet.} (21... Kg8 {was wel beter geweest. Ik weet niet wat Enrico daarop
gepland had. De schade lijkt mee te vallen volgens Stockfish.}) 22. Ra1 $2 {
Wit nog 5 minuten, zwart 20 minuten.} ({Bij de korte analyse na afloop met
Hing Ting Lai dachten we dat} 22. Rxe6 Nxc3 23. Bf3 {het sterkste was.}) ({
Nog sterker is echter} 22. d5 {want} Nxc3 23. d6 Qd8 24. Bc6 {is hopeloos.})
22... Rb6 {Ook deze speelde ik snel en na een paar minuten besloot Enrico
remise te maken met} 23. Rxa7 Qxa7 24. Qd8+ {Beide spelers waren na afloop
ontevreden. Enrico omdat hij voelde dat hij de winst ergens gemist had en ik
omdat ik zo nonchalant aan de partij begonnen was waardoor de partij voor mij
geen enkele waarde had.} 1/2-1/2